00339pab a2200121 454500008004000000100002600040245005500066260000900121300000900130362001600139650002600155773003600181180718b1989 xxu||||| |||| 00| 0 eng d aMatejko, Alexander J. aSociotechnics of opening organisational structures c1989 a1-35 aApr. & Oct. aOrganisational Change aGuru Nanak Journal of Sociology